000 003360000a22001570004500
001 004175
003 MACL
040 _aMACL
090 _c16168
_d16167
100 _aGupta, M.G.
245 _aSarmad The Saint
_bLife & Works
_cM.G. Gupta
260 _aMG Publishers,
_c2000
350 _a500
650 _aReligion
942 _k295
_cBook
999 _c16066
_d16066